000 00479nmm a2200169Ia 4500
008 251105s9999||||xx |||||||||||||||||und||
020 _a8479087579
041 _aspa
100 _aRico Juan, J. R.
245 0 _aEsquemas algorítmicos
264 _a[Madrid, España] :
_bPublicaciones de la Universidad de Alicante,
_c2003
300 _a152 páginas
490 _aInformática
650 _aSciences
856 _uhttps://public.digitaliapublishing.com/a/638
942 _cCF
999 _c73608
_d73608